LEADER 00865nam0 22002411i 450 001 UON00235518 005 20231205103523.226 100 $a20030730d1917 |0itac50 ba 101 $ahbs 102 $aYU 105 $a|||| ||||| 200 1 $aTri simfonije$fMiroslav Krleza 210 $aZagreb$cDrustvo hrvatskih knjizevnika$d1917 215 $a119 p.$d20 cm. 676 $a891.82$cLetteratura serbo-croata$v21 700 1$aKRLE?A$bMiroslav$3UONV126209$0465374 712 $aDru?tvo Hrvatskih Kni?evnika$3UONV269647$4650 801 $aIT$bSOL$c20250620$gRICA 899 $aSIBA - SISTEMA BIBLIOTECARIO DI ATENEO$2UONSI 912 $aUON00235518 950 $aSIBA - SISTEMA BIBLIOTECARIO DI ATENEO$dSI CROATO A 0647 $eSI MR 38064 5 0647 996 $aTri simfonije$91231950 997 $aUNIOR